| 000 | 00769nam a22002057a 4500 | ||
|---|---|---|---|
| 999 |
_c13267 _d13267 |
||
| 003 | AR-CdUCM | ||
| 008 | 190411b ||||| |||| 00| 0 spa d | ||
| 040 |
_aMUNICIPALIDAD PROVINCIAL DEL CUSCO _cBIBLIOTECA MUNICIPAL DEL CUSCO |
||
| 082 |
_a345.731 / _bM26 / 1960 |
||
| 100 |
_aMartínez G., Silviano _931591 |
||
| 245 | _aManual y reglamento de jueces de paz / | ||
| 260 |
_aLima : _bMercurio, _c1960. |
||
| 300 |
_a169 páginas ; _c20 cm. |
||
| 505 | _aContenido: Lugares donde habrán jueces de paz -- No puede ser juez -- Nombramiento -- Juramentación y posesión del cargo... | ||
| 650 |
_aJueces de paz _931592 |
||
| 650 |
_aNombramiento de jueves de paz _931593 |
||
| 650 |
_aManual juez de paz _931594 |
||
| 942 |
_2ddc _cFOLLETOS |
||
| 945 |
_adavv _d11/04/2019 |
||